A course in algebra

Αποθηκεύτηκε σε:
Λεπτομέρειες βιβλιογραφικής εγγραφής
Κύριος συγγραφέας: Vinberg, E. B. (Ernest Borisovich)
Μορφή: Βιβλίο
Γλώσσα:English
Δημοσίευση: Providence, R.I. : American Mathematics Society, c2003
Σειρά:Graduate studies in mathematics ; ; 56
Θέματα:
Ετικέτες: Προσθήκη ετικέτας
Δεν υπάρχουν, Καταχωρήστε ετικέτα πρώτοι!

MARC

LEADER 00000nam a2200000 i 4500
001 1/53172
008 070830s2003 eng d
020 |a 0-8218-3318-9 
035 |l 10090214 
040 |a GR-MY-UA  |b gre  |e aacr 
041 0 |a eng 
082 0 |a 512  |2 (22) 
100 1 |a Vinberg, E. B.  |q (Ernest Borisovich) 
245 1 2 |a A course in algebra /  |c E.B. Vinberg 
260 |a Providence, R.I. :   |b American Mathematics Society,   |c c2003 
300 |a x, 511 σ.;  |b εικ.;  |c 26 εκ. 
490 1 |a Graduate studies in mathematics  |v ; 56 
504 |a Περιλαμβάνει βιβλιογραφικές παραπομπές (σ.501-502) και ευρετήριο. 
650 0 0 |a Algebra. 
830 0 |a Graduate studies in mathematics ;  |v ; 56 
852 |a INST  |b SAMOS  |e 20070830  |h 512 VIN  |p 005300028405  |q 005300028405  |t BK  |y 0 
901 |a BIBL3-2007-2 
909 |a Σ  |b 136765 
922 |a 3ΕΛΗ  |b 200707  |c ΕΠΕΑΕΚ2/ΤΜΗΜΑ ΜΑΘΗΜΑΤΙΚΩΝ  |d ΕΛΕΥΘΕΡΟΥΔΑΚΗΣ 
970 |a ΣΙΤΖΙΜΗ  |b ΓΙΑΣΕΜΗ  |z 2007/08/30